| 000 | 00754cam a2200229 4500 | ||
|---|---|---|---|
| 001 | D1505 | ||
| 008 | 071127s1977 xxk f 000 0deng | ||
| 035 | _a(Sirsi) u64293 | ||
| 041 | _aeng | ||
| 050 | 0 | 4 | _a920 $2 18 |
| 100 | 1 | _aBlessley, Kenneth | |
| 245 | 0 | 4 |
_aThe Association of Local Authority Valuers and Estate Surveyors, 1949-1977 _ba brief history |
| 260 |
_a[London] _b[The author] _c[1977] |
||
| 300 |
_a60 p. _c30 cm. |
||
| 350 | _a0 | ||
| 520 | _aA history of the Association of Local Authority Valuers and Estate Surveyors. | ||
| 610 | 2 | 4 |
_aAssociation of Local Authority Valuers and Estate Surveyors _95466 |
| 651 | 4 |
_aUnited Kingdom _y |
|
| 690 | _aABOUT RICS-RICS MEMBERS-CHARTERED SURVEYORS | ||
| 942 | _n0 | ||
| 948 | _c04/03/1997 | ||
| 999 |
_c94665 _d94665 |
||